| 000 | 01779nam a2200505 i 4500 | ||
|---|---|---|---|
| 001 | 7605 | ||
| 003 | KOSZ 005 | ||
| 005 | 20190828124216.0 | ||
| 008 | 070608s1972 pl a f |000 0 pol | ||
| 015 | _aPB 1972/9463 | ||
| 035 | _a991036465929705066 | ||
| 035 | _a(PL-WaBN)b19793984-48omnis_nlop | ||
| 035 | _ab19793984 | ||
| 035 | _a(OCoLC)749835993 | ||
| 035 | _a(PL)b0000001979398 | ||
| 035 | _a(EXLNZ-48OMNIS_NETWORK)9910065439705606 | ||
| 040 |
_aWA N _cWA N _dKOSZ 005/HR |
||
| 046 | _k1972 | ||
| 080 | _a69 | ||
| 080 | _a666.97/.98 | ||
| 100 | 1 |
_aKluz, Tomasz _d(1897-1987) _eAutor |
|
| 245 | 1 | 0 |
_aZagadnienia ogólne prefabrykacji / _cTomasz Kluz, Ryszard Ciołek, Edward Szymański ; [kierownik zespołu aut. T. Kluz] ; Polska Akademia Nauk. Komitet Inżynierii. |
| 260 |
_aWarszawa : _b"Arkady", _c1972. |
||
| 300 |
_a498, [2] s., [1] k. tabl. : _bil. ; _c23 cm. |
||
| 336 |
_2rdacontent _aTekst _btxt |
||
| 337 |
_2rdamedia _aBez urządzenia pośredniczącego _bn |
||
| 338 |
_2rdacarrier _aWolumin _bnc |
||
| 380 | _aKsiążki | ||
| 380 | _aPublikacje fachowe | ||
| 388 | _a1901-2000 | ||
| 490 | 1 |
_aBudownictwo betonowe ; _vt. 7 |
|
| 504 | _aBibliogr. | ||
| 650 | 7 |
_aBeton sprężony _2DBN |
|
| 650 | 7 |
_aKonstrukcje betonowe _2DBN |
|
| 650 | 7 |
_aPrefabrykaty _2DBN |
|
| 650 | 7 |
_aŻelbet _2DBN |
|
| 658 | _aArchitektura i budownictwo | ||
| 700 | 1 |
_aCiołek, Ryszard _d(1921-2010) _eAutor |
|
| 700 | 1 |
_aSzymański, Edward _d(1928- ) _eAutor |
|
| 710 | 2 |
_aWydawnictwo Arkady _4pbl |
|
| 830 | 0 |
_aBudownictwo betonowe _vt. 7 |
|
| 856 |
_uhttp://koha.tu.koszalin.pl/cgi-bin/koha/opac-detail.pl?biblionumber=7605 _yKatalog online BPK |
||
| 942 |
_2UKD _cKS |
||
| 999 |
_c7605 _d7605 |
||